Supervision that improves teaching and learning strategies and techniques

Gardado en:
Detalles Bibliográficos
Autor Principal: SULLIVAN, Susan Glanz, Jeffrey
Formato: Libro
Idioma:inglés
Publicado: CORWIN Press 2013
Tags: Engadir etiqueta
Sen Etiquetas, Sexa o primeiro en etiquetar este rexistro!

MARC

LEADER 00000nam a22000007a 4500
008 201218b ||||| |||| 00| 0 eng d
020 |a 978-1-4522-5546-0 
100 |a SULLIVAN, Susan  |a Glanz, Jeffrey 
245 |a Supervision that improves teaching and learning  |b strategies and techniques  |c Susan Sullivan, Jeffrey Glanz  |g xix, 235p., ill. 
250 |b 4TH 
260 |b CORWIN Press  |c 2013  |h Thousand Oaks, California  |i 692078  |i 692079  |l LB2806.4 .Su5  |m School supervision – United States  |m Teacher effectiveness – United States  |m Effective teaching – United States. 
500 |a “It includes bibliographical references and index”. 
942 |a lcc  |c BK  |e O.A.JOHNSON  |f 18/12/20 
952 |0 0  |1 0  |2 lcc  |4 0  |6 LB28064 S U5  |7 0  |9 780  |a HOL  |b ED  |c LP  |d 2020-12-18  |o LB2806.4 .Su5  |p 2020-229995  |r 2020-12-18 00:00:00  |w 2020-12-18  |y BK 
952 |0 0  |1 0  |2 lcc  |4 0  |6 LB28064 S U5  |7 0  |9 781  |a HOL  |b HOL  |c LP  |d 2020-12-18  |l 0  |o LB2806.4 .Su5  |p 2020-229996  |r 2020-12-18 00:00:00  |w 2020-12-18  |y BK 
999 |c 442  |d 442